Statistics for US States & State Capitals

Click here to take the quiz!

General Stats

  • This quiz has been taken 15,111 times
    (10,966 since last reset)
  • The average score is 79 of 100

Answer Stats

#State% Correct
31California
94%
22Alabama
92%
49Alaska
92%
11New York
91%
48Arizona
90%
27Florida
90%
42Washington
90%
4Georgia
89%
50Hawaii
89%
38Colorado
88%
23Maine
88%
47New Mexico
88%
39North Dakota
88%
28Texas
88%
25Arkansas
87%
19Indiana
87%
34Kansas
87%
12North Carolina
87%
17Ohio
87%
33Oregon
87%
Sacramento
87%
40South Dakota
87%
43Idaho
86%
8South Carolina
86%
1Delaware
85%
21Illinois
85%
15Kentucky
85%
26Michigan
85%
20Mississippi
85%
41Montana
85%
36Nevada
85%
9New Hampshire
85%
3New Jersey
85%
10Virginia
85%
18Louisiana
84%
7Maryland
84%
45Utah
84%
14Vermont
84%
44Wyoming
84%
Honolulu
83%
29Iowa
83%
6Massachusetts
83%
24Missouri
83%
46Oklahoma
83%
Phoenix
83%
13Rhode Island
83%
16Tennessee
83%
35West Virginia
83%
Albany
82%
Atlanta
82%
Austin
82%
5Connecticut
82%
Denver
82%
Juneau
82%
32Minnesota
82%
37Nebraska
82%
30Wisconsin
82%
2Pennsylvania
81%
Tallahassee
81%
Boston
80%
Indianapolis
78%
Montgomery
77%
Little Rock
76%
Salt Lake City
76%
Baton Rouge
75%
Boise
75%
Oklahoma City
75%
Salem
75%
Santa Fe
75%
Jackson
74%
Columbus
73%
Helena
73%
Olympia
73%
Springfield
73%
Dover
72%
Nashville
72%
Augusta
71%
Carson City
71%
Bismarck
70%
Raleigh
70%
Topeka
70%
Des Moines
69%
Pierre
69%
Providence
69%
Annapolis
68%
Hartford
68%
Lansing
68%
Lincoln
68%
Trenton
68%
Cheyenne
67%
Frankfort
67%
Columbia
66%
Jefferson City
66%
Madison
66%
Richmond
66%
St. Paul
66%
Harrisburg
65%
Montpelier
65%
Charleston
64%
Concord
64%

Score Distribution

Percentile by Number Answered

Percent of People with Each Score

Your Score History

You have not taken this quiz since the last reset